Packers Players By Jersey Number - Statistics

General Stats
  • This quiz has been taken 252 times
  • The average score is 22 of 39
Answer Stats
Hint Answer % Correct
10 Jordan Love
97%
8 Josh Jacobs
93%
11 Jayden Reed
92%
9 Christian Watson
88%
13 Dontayvion Wicks
83%
2 Malik Willis
79%
23 Jaire Alexander
72%
7 Quay Walker
72%
18 Malik Heath
70%
85 Tucker Kraft
68%
87 Romeo Doubs
67%
29 Xavier McKinney
65%
63 Rasheed Walker
64%
52 Rashan Gary
61%
97 Kenny Clark
60%
88 Luke Musgrave
60%
17 Brandon McManus
58%
24 Carrington Vallentine
56%
33 Evan Williams
56%
25 Keisean Nixon
56%
80 Bo Melton
54%
31 Emanuel Wilson
54%
90 Lukas Van Ness
52%
50 Zach Tom
52%
56 Edgerrin Cooper
50%
74 Elgton Jenkins
50%
95 Devonte Wyatt
47%
94 Karl Brooks
47%
20 Javon Bullard
46%
30 Chris Brooks
45%
21 Eric Stokes
43%
58 Isaiah McDuffie
40%
75 Sean Rhyan
36%
89 Ben SIms
34%
77 Jordan Morgan
33%
32 Marshawn Lloyd
31%
28 AJ Dillon
28%
71 Josh Myers
28%
19 Daniel Wheelan
14%
No matching quizzes found
Score Distribution
Percent of People with Each Score
Percentile by Number Answered
Your Score History
You have not taken this quiz